Missing Word: Weezer (A-Z) Quiz Stats

 Plays Quiz Updated Nov 11, 2017

Challenge
Share
Tweet
Embed
Score 0/26 Timer 03:00
0 Plays Today
Song Missing Word % Correct
Say It _____ SoAin't
97%
Pardon _____Me
90.3%
Brave _____ WorldNew
90.3%
The British Are _____Coming
89.9%
We Are All _____ DrugsOn
89.6%
Buddy _____Holly
88.1%
_____ HillsBeverly
84.4%
_____ Might ThinkYou
83.1%
_____ of the WorldKing
77.7%
Peace and _____Quiet
75.9%
_____ in the SunIsland
60.5%
The _____ Got HotGirl
54%
_____ - The Sweater SongUndone
46.1%
Song Missing Word % Correct
My Name Is _____Jonas
45.8%
_____ My MindLosing
45%
_____ SituationPerfect
39.5%
El _____Scorcho
32.5%
Surf _____ AmericaWax
31.8%
_____ NoseDope
28.8%
It's _____Easy
27.3%
Pink _____Triangle
27.1%
Foolish _____Father
13.6%
Teenage _____ SongVictory
10.2%
I'm a _____Robot
9.7%
_____ SongZep
7.2%
Cygnus _____X-1
5.9%

Today's Daily Dose

You're not logged in!

Compare scores with friends on all Sporcle quizzes.
OR
Log In

You Might Also Like...

Show Comments

Extras

Top Quizzes Today


Score Distribution

Your Account Isn't Verified!

In order to create a playlist on Sporcle, you need to verify the email address you used during registration. Go to your Sporcle Settings to finish the process.

Report this User

Report this user for behavior that violates our Community Guidelines.

Details: